Statistics for D&D 5e Races and Classes

Click here to take the quiz!

General Stats

  • This quiz has been taken 191 times
  • The average score is 16 of 21

Answer Stats

Class/Race% Correct
Elf
96%
Human
95%
Wizard
93%
Dwarf
91%
Half-Elf
83%
Paladin
82%
Fighter
80%
Halfling
80%
Barbarian
78%
Druid
78%
Rogue
77%
Sorcerer
77%
Bard
76%
Cleric
75%
Half-Orc
75%
Ranger
74%
Warlock
72%
Gnome
66%
Monk
64%
Dragonborn
61%
Tiefling
59%

Score Distribution

Percentile by Number Answered

Percent of People with Each Score

Your Score History

You have not taken this quiz